Bachon ki ghiza aur dekh bhal (Record no. 71071)

000 -LEADER
fixed length control field 00447nam a22001697a 4500
003 - CONTROL NUMBER IDENTIFIER
control field NUST - PNEC
005 - DATE AND TIME OF LATEST TRANSACTION
control field 20170116181153.0
008 - FIXED-LENGTH DATA ELEMENTS--GENERAL INFORMATION
fixed length control field 160105b xxu||||| |||| 00| 0 eng d
020 ## - INTERNATIONAL STANDARD BOOK NUMBER
International Standard Book Number -
040 ## - CATALOGING SOURCE
Transcribing agency LIBRARY
082 ## - DEWEY DECIMAL CLASSIFICATION NUMBER
Classification number 649.1 HAS
100 ## - MAIN ENTRY--PERSONAL NAME
9 (RLIN) 15658
Personal name Hasan Khalid Zubairi
245 ## - TITLE STATEMENT
Title Bachon ki ghiza aur dekh bhal
Statement of responsibility, etc. Dr. Hasan Khalid Zubairi
260 ## - PUBLICATION, DISTRIBUTION, ETC.
Place of publication, distribution, etc. Karachi:
Date of publication, distribution, etc. c2012.
650 ## - SUBJECT ADDED ENTRY--TOPICAL TERM
9 (RLIN) 15659
Topical term or geographic name entry element Child Health
General subdivision General
942 ## - ADDED ENTRY ELEMENTS (KOHA)
Source of classification or shelving scheme
Koha item type Book
Holdings
Withdrawn status Lost status Source of classification or shelving scheme Damaged status Not for loan Permanent Location Current Location Shelving location Date acquired Total Checkouts Full call number Barcode Date last seen Price effective from Koha item type
          Pakistan Navy Engineering College (PNEC) Pakistan Navy Engineering College (PNEC)       649.1 HAS PNECLIB-031907 01/05/2016   Book
© 2023 Central Library, National University of Sciences and Technology. All Rights Reserved.